00403nam a2200109Ia 4500082001600000245006600016100005000082942000700132008004100139999001700180952009600197 aTSO KF VARK 0aXilolwana xa nkateko na mphikizano wa xibye xa Cola [Tsonga]  a VARKEL, Adrian Johannesburg, 2008 914995 cBK210817s9999 xx 000 0 und d c81173d81172 00104070aKHULLbKHULLd2021-08-17g365.00l0p33228021208358r2021-08-17w2021-08-17yBK